شاہراہ حیدر / (Record no. 172983)

MARC details
000 -LEADER
fixed length control field 00622nam a22001937a 4500
005 - DATE AND TIME OF LATEST TRANSACTION
control field 20200217121255.0
010 ## - LCCN (DPL NO)
LC control number A-70259
020 ## - INTERNATIONAL STANDARD BOOK NUMBER
Terms of availability 250.00
International Standard Book Number 8187667605
035 ## - SYSTEM CONTROL NUMBER
System control number A-70259
037 ## - SOURCE OF ACQUISITION
Source of stock number/acquisition BPPD/Pub.
082 ## - DEWEY DECIMAL CLASSIFICATION NUMBER
Classification number ک
100 ## - MAIN ENTRY--PERSONAL NAME
Personal name قرت العین حیدر
245 ## - TITLE STATEMENT
Title شاہراہ حیدر /
Statement of responsibility, etc قرت العین حیدر
246 ## - VARYING FORM OF TITLE
Title proper/short title Shahrah-E-Hareer (Kare Jahan Daraz Hai vol.III) /
Remainder of title by Qurratul-Ain-Hyder
260 ## - PUBLICATION, DISTRIBUTION, ETC. (IMPRINT)
Place of publication, distribution, etc Delhi
Name of publisher, distributor, etc Educational Publishing House
Date of publication, distribution, etc 2003 ء
270 ## - ADDRESS
Address 3108, Gali Vakil, Kucha Pandit, Lal Kuan
City Delhi
Postal code 110006
300 ## - PHYSICAL DESCRIPTION
Extent 320p.
Dimensions 23cm(Hb)
942 ## - ADDED ENTRY ELEMENTS (KOHA)
Source of classification or shelving scheme Dewey Decimal Classification
Item type Urdu Bks
Classification part ک
Call number suffix ق ر ت
Holdings
Withdrawn status Lost status Not for loan Collection code Home library Current library Date acquired Source of acquisition Cost, normal purchase price Full call number Barcode Copy number Cost, replacement price Koha item type
      Fiction Central Library Central Library 17/02/2020 BPPD/Ven. 250.00 ک ق ر ت B-70259 1 250.00 Urdu Bks

© Delhi Public Library
Hit Counter
free hit counter